Culture Générale - Série 2293 - Statistiques

Statistiques générales
  • Ce quiz a été pris 125 fois
  • Le résultat moyen est 4 sur 10
Statistiques - réponses
Question Réponse % Correct
Au poker comment appelle-t-on une combinaison formée de trois cartes de même hauteur. ? brelan
77%
Quel animal est un braque ? chien
69%
Quelle est la capitale du Ghana ? Accra
59%
Dans quel pays africain se trouve la ville portuaire de Durban ? Afrique du sud
58%
Au cours d'un mariage, quelle pièce de lingerie de la mariée est traditionnellement mise aux enchères pour les invités ? jarretière
58%
Dans la chanson de Dave "Lettre à Hélène" de 1978, sur quelles îles habite Hélène ? Kerguelen
25%
Partie du littoral périodiquement recouverte par la marée estran
19%
Sous quels prénom et nom connait-on mieux le comédien Xavier Lepetit ? voir photo Xavier Deluc
19%
Quel fruit est l'aveline ? noisette
13%
Sous quel nom connait-on mieux l'animal marin "buccin" ? bulot
9%
Aucun quiz correspondant
Distribution des résultats
% des personnes avec chaque résultat
Percentile par nombre de réponses
Votre historique - résultats
Vous n’avez pas pris ce quiz